Caricamento...
Introduction to Electrodynamics
| Autore principale: | |
|---|---|
| Natura: | Printed Book |
| Pubblicazione: |
New Delhi
Cybertech
2018
|
| Soggetti: |
| LEADER | 00475nam a22001457a 4500 | ||
|---|---|---|---|
| 020 | |a 9789350536452 | ||
| 082 | |a 537.6 |b DHO/I | ||
| 100 | |a Dholakia,P.V | ||
| 245 | |a Introduction to Electrodynamics | ||
| 260 | |a New Delhi |b Cybertech |c 2018 | ||
| 300 | |a 200p. | ||
| 650 | |a Electrodynamics |a Electromagnetic | ||
| 942 | |c BK | ||
| 999 | |c 59860 |d 59860 | ||
| 952 | |0 0 |1 0 |4 0 |6 537_600000000000000_DHO_I |7 0 |9 67008 |a KUCL |c Stack |d 2020-11-17 |g 1500.00 |l 0 |o 537.6 DHO/I |p 50933 |r 2020-11-17 |w 2020-11-17 |y BK | ||